书目信息 |
| 题名: |
中国历代君臣得失之道
|
|
| 作者: | 唐忠民 编著 | |
| 分册: | ||
| 出版信息: | 北京 中国言实出版社 2006 |
|
| 页数: | 15,278页 | |
| 开本: | 24cm | |
| 丛书名: | ||
| 单 册: | ||
| 中图分类: | C933-49 | |
| 科图分类: | ||
| 主题词: | 领导学--中国--古代--通俗读物 , 领导学 | |
| 电子资源: | ||
| ISBN: | 7-80128-747-9 | |
| 000 | 00863nam0 2200253 450 | |
| 000 | 00870nam0 2200253 450 | |
| 000 | 00800nam0 2200229 450 | |
| 000 | 00764nam0 2200217 45 | |
| 005 | 20070518090347.82 | |
| 010 | @a7-80128-747-9@dCNY28.80 | |
| 100 | @a20070418d2006 em y0chiy0120 ea | |
| 101 | 0 | @achi |
| 102 | @aCN@b110000 | |
| 105 | @aa z 000yy | |
| 200 | 1 | @a中国历代君臣得失之道@AZhong Guo Li Dai Jun Chen De Shi Zhi Dao@f唐忠民编著@FTang Zhong Min Bian Zhu |
| 210 | @a北京@c中国言实出版社@d2006 | |
| 215 | @a15,278页@c图@d24cm | |
| 330 | @a本书集各种经典案例并解其中深道,点透各种领导谋略表面与背面、正面与反面、大智与小策、大得与小失的复杂关系。 | |
| 606 | 0 | @a领导学@y中国@z古代@x通俗读物 |
| 606 | 0 | @a领导学 |
| 690 | @aC933-49@v4 | |
| 701 | 0 | @a唐忠民@ATang Zhong Min@4编著 |
| 801 | 0 | @aCN@bTAOJIN@c20070518 |
| 905 | @a10447@dC933-49@e54 | |
| 中国历代君臣得失之道/唐忠民编著.-北京:中国言实出版社,2006 |
| 15,278页:图;24cm |
| ISBN 7-80128-747-9:CNY28.80 |
| 本书集各种经典案例并解其中深道,点透各种领导谋略表面与背面、正面与反面、大智与小策、大得与小失的复杂关系。 |
| ● |
| 相关链接 |
|
|
|
|
正题名:中国历代君臣得失之道
索取号:C933-49/54
 
预约/预借
| 序号 | 登录号 | 条形码 | 馆藏地/架位号 | 状态 | 备注 |
| 1 | 0521333 | 205213339 | 第一样本阅览室/ [索取号:C933-49/54] | 在馆 | |
| 2 | 0521334 | 205213348 | 第一借阅区/ [索取号:C933-49/54] | 在馆 | |
| 3 | 0521335 | 205213357 | 第一借阅区/ [索取号:C933-49/54] | 在馆 | |
| 4 | 0521336 | 205213366 | 第一借阅区/ [索取号:C933-49/54] | 在馆 | |
| 5 | 0521337 | 205213375 | 第一借阅区/ [索取号:C933-49/54] | 在馆 | |
| 6 | 0521338 | 205213384 | 第一借阅区/ [索取号:C933-49/54] | 在馆 | |
| 7 | 0521339 | 205213393 | 第一借阅区/ [索取号:C933-49/54] | 在馆 |